Handbook of typography for the mathematical sciences /
Guardado en:
| Autor Principal: | |
|---|---|
| Formato: | Libro |
| Idioma: | English |
| Publicado: |
Boca Raton :
Chapman & Hall/CRC,
c2001.
|
| Materias: | |
| Acceso en línea: | Publisher description |
| Etiquetas: |
Agregar Etiqueta
Sin Etiquetas, Sea el primero en etiquetar este registro!
|
| LEADER | 00916cam a2200241 a 4500 | ||
|---|---|---|---|
| 001 | MAT.inmabb005356 | ||
| 008 | 000614s2001####flu######b####001#0#eng## | ||
| 005 | 20130312121137.0 | ||
| 245 | 1 | 0 | |a Handbook of typography for the mathematical sciences / |c Steven G. Krantz. |
| 260 | |a Boca Raton : |b Chapman & Hall/CRC, |c c2001. | ||
| 300 | |a xv, 173 p. ; |c 24 cm. | ||
| 504 | |a Incluye referencias bibliográficas (p. 159-166) e índice. | ||
| 510 | 4 | |a MR, |c 2003e:00011 | |
| 020 | |a 1584881496 (alk. paper) | ||
| 100 | 1 | |a Krantz, Steven G. |q (Steven George), |d 1951- | |
| 630 | 0 | 0 | |a TeX (Computer file) |
| 650 | 0 | |a Computerized typesetting. | |
| 650 | 0 | |a Mathematics printing |x Computer programs. | |
| 084 | |a 00A20 (68U15) |2 msc2000 | ||
| 010 | |a 00055474 | ||
| 040 | |a DLC |c DLC |d DLC | ||
| 856 | 4 | 2 | |3 Publisher description |u http://www.loc.gov/catdir/enhancements/fy0646/00055474-d.html |
| 859 | |h 00A20 |i K89 |p A-8560 |b BIB. MATEMATICA | ||
